The Americas Geography by Letter - B #2 - Statistics

General Stats
  • This quiz has been taken 223 times
  • The average score is 12 of 20
Answer Stats
Hint Answer % Correct
Antigua's counter-part Barbuda
91%
Guantánamo, Chesapeake, for example Bay
91%
New York City boroughs Brooklyn
91%
New York City boroughs Bronx
90%
Strait separating North American and Asia Bering Strait
88%
Capital of Idaho Boise
82%
Capital of Belize Belmopan
78%
Canada's oldest National Park Banff
77%
New York's biggest upstate city Buffalo
72%
Capital of Barbados Bridgetown
70%
National animal of Canada Beaver
67%
The B of the ABC Islands Bonaire
56%
University of California's flagship campus Berkeley
55%
Capital of Minas Gerais, Brazil Belo Horizonte
52%
Northernmost major city in Colombia Barranquilla
45%
Nickname of Ohio The {Buckeye} State
38%
Alaska's northernmost city Barrow
36%
Longest river entirely in Texas Brazos River
28%
Fourth most populous Brazilian state Bahia
20%
Name one of the two biggest Canadian cities that start with "B" Brampton / Burnaby
15%
No matching quizzes found
Score Distribution
Percent of People with Each Score
Percentile by Number Answered
Your Score History
You have not taken this quiz